000
00209 a2200109 4500
020
_a
9780769658643
041
_a
spa
100
_a
Carol Ottolenghi
245
_a
Los tres Chivitos
942
_c
BK
952
_7
1
999
_c
22868
_d
22868